Voľba spotrebiteľov podporuje inovácie
Výsledky marketingového programu Voľba spotrebiteľov - Najlepšia novinka 2017. Spotrebitelia hodnotili výrobky v prieskume, prostredníctvom mediálnych partnerov programu a zároveň na Facebooku. Zviditeľnenie víťazov.
Salvato in:
| Autore principale: | |
|---|---|
| Natura: | Capitolo di libro |
| Lingua: | slovacco |
| Soggetti: | |
| Tags: |
Nessun Tag, puoi essere il primo ad aggiungerne!!
|
MARC
| LEADER | 00000naa a2200000 4500 | ||
|---|---|---|---|
| 001 | 0235257 | ||
| 005 | 20200305102918.5 | ||
| 041 | 0 | |a slo | |
| 044 | |a CZ | ||
| 245 | 1 | 0 | |a Voľba spotrebiteľov podporuje inovácie |c Veronika Mišíková |
| 520 | |a Výsledky marketingového programu Voľba spotrebiteľov - Najlepšia novinka 2017. Spotrebitelia hodnotili výrobky v prieskume, prostredníctvom mediálnych partnerov programu a zároveň na Facebooku. Zviditeľnenie víťazov. | ||
| 610 | 2 | 0 | |a výrobky |
| 610 | 2 | 0 | |a preferencie spotrebiteľské |
| 610 | 2 | 0 | |a inovácia výrobkov |
| 610 | 2 | 0 | |a súťaže |
| 100 | 1 | |a Mišíková, Veronika | |